000 00795nas a2200265 4500
001 BR9902860
003 BR-BrBNA
005 20231205101436.0
007 ta
008 230509b bl.|||p| |||| 00| 00por d
040 _aBR-BrBNA
_bpor
_cBiblioteca Nacional de Agricultura
041 _a(Pt)
072 _aQ04
100 1 _aMarques, A.
100 1 _aOetterer, M.
100 1 _aHorii, J.
245 1 _aCaracterizacao de leveduras e seu uso na alimentacao
650 _aAlimentacao
650 _aFermento
650 _aProteina
650 _aValor Nutritivo
773 0 _tBoletim da Sociedade Brasileira de Ciencia e Tecnologia de Alimentos (Brazil)
_xISSN 0101-3637
_g(Jan-Aug 1998), v. 32(1) p. 89-98
_wBR9902860
909 _a202311
_bLúcia
_c55
_dLúcia Elande
942 _2AGRIS
_n0
_cANA
999 _c161871
_d161871